00427nam a2200157Ia 45000010006000000050017000060080041000230410008000640820018000721000034000902450092001242600009002163000028002256500008002536540008002612469820260414151100.0260414t2013||||xx |||||||||||||| ||spa|| aESP a345.725bC261 aCoaguila Valdivia, JaimeeAUT 0aLos derechos del imputado y la tutela de derechos en el nuevo código procesal civilb c2013 a263 páginas :c24 cm. aDER aCDE